| 000 | 00709cam a2200217 a 4500 | ||
|---|---|---|---|
| 001 | 14496642 | ||
| 005 | 20250320202016.0 | ||
| 008 | 060812s2005 enk b 001 0 eng | ||
| 020 | _a1846410002 (pbk.) | ||
| 050 | 0 | 0 |
_aKD2049 _b.M34 2005 |
| 082 | 0 | 4 |
_a346.4207 _222 |
| 100 | 1 |
_aMcGee, Andrew, _d1958- |
|
| 245 | 1 | 4 |
_aThe law of business organisations / _cAndrew McGee, Christina Williams and Gary Scanlan. |
| 260 |
_aExeter : _bLaw Matters, _c2005. |
||
| 300 |
_axxix, 338 p. ; _c25 cm. |
||
| 650 | 0 |
_aBusiness enterprises _xLaw and legislation _zEngland. |
|
| 650 | 0 |
_aBusiness enterprises _xLaw and legislation _zWales. |
|
| 700 | 1 | _aWilliams, Christina. | |
| 700 | 1 | _aScanlan, Gary. | |
| 942 |
_2lcc _cBK _n0 |
||
| 999 |
_c5030 _d5030 |
||